| 000 | 01363pab a2200193 454500 | ||
|---|---|---|---|
| 008 | 180718b2008 xxu||||| |||| 00| 0 eng d | ||
| 100 | _aBramall, Chris | ||
| 245 | _aRural industrialisation and spatial inequality in China, 1978-2006 | ||
| 260 | _c2008 | ||
| 300 | _ap.43-50. | ||
| 362 | _a27 Dec | ||
| 520 | _aThis study analyses the impact of rural indusrtrialization in China on poverty and spatial inequality at the county level between 1982 and 2000. the most positive consequence of industrialization has been its combination to absolute poverty reduction, especially in the coastal provinces. Much less clear is whether migration - mainly from west to east and drives by rural industrialization - has contributed to poverty reduction in the interior. for, remittances have accrued mainly to the relatively well off rather than to the rural poor. More, negatively, countries which were large exporters of labour have suffered a skill drain. However, the main adverse effect of rural industrialization has been its excerbation of spatial inequality, which has also resulted in a rise of inequalities in per capita GDP among China"s countries. - Reproduced. | ||
| 650 | _aIncome distribution - China | ||
| 650 | _aIndustrialization - China | ||
| 650 | _aIndustrialization | ||
| 773 | _aEconomic and Political Weekly | ||
| 908 | _aN | ||
| 909 | _a80792 | ||
| 999 |
_c80792 _d80792 |
||